000 00300nam a22001217a 4500
008 230704b xxu||||| |||| 00| 0 eng d
082 _a341.64
_bKEK
100 _cdr Urho Kekkonen
245 _aNeutrality: The Finish position
260 _aLondon
_bHeinemann
_c1973
300 _a258p
942 _2ddc
_cBK
999 _c3758
_d3758